000 01725cam a2200433 i 4500
001 17782669
003 OSt
005 20230920110316.0
008 130618s2013 enk b 001 0 eng d
010 _a 2013943219
015 _aGBB393256
_2bnb
016 7 _a016516232
_2Uk
020 _a9781781001738 (hbk.)
020 _a1781001731 (hbk.)
035 _a(OCoLC)ocn861319947
040 _aUKMGB
_beng
_cUKMGB
_erda
_dYDXCP
_dCDX
_dWCL
_dDGU
_dDLC
042 _alccopycat
043 _af------
_aa------
050 0 0 _aHG3368.A6
_bV57 2013
082 0 4 _a332.1091767
_bVIS/I
100 1 _aVisser, H.
_q(Herschel),
_d1943-
_eauthor.
245 1 0 _aIslamic finance :
_bprinciples and practice /
_cHans Visser, Professor Emeritus of Money and Banking and International Economics, Faculty of Economics and Business Administration, VU University, Amsterdam, the Netherlands.
250 _aSecond edition.
264 1 _aCheltenham, UK ;
_aNorthampton, MA, USA :
_bEdward Elgar,
_c[2013]
300 _axiv, 237 pages ;
_c24 cm.
336 _atext
_btxt
_2rdacontent
337 _aunmediated
_bn
_2rdamedia
338 _avolume
_bnc
_2rdacarrier
500 _aPrevious edition: 2009.
504 _aIncludes bibliographical references (pages 191-220) and index.
650 0 _aBanks and banking
_zIslamic countries.
650 0 _aFinance
_zIslamic countries.
650 0 _aBanks and banking
_xReligious aspects
_xIslam.
650 0 _aFinance
_xReligious aspects
_xIslam.
906 _a7
_bcbc
_ccopycat
_d2
_encip
_f20
_gy-gencatlg
942 _2ddc
_cBK
_h332.1091767
_iVIS/I
_k332.1091767
_mVIS/I
999 _c42288
_d42288